00757cam a22002411 4500001001300000003000400013005001700017008004100034010001700075035002000092040002500112042001200137050001600149060002500165110004400190245004200234260004700276300003800323500007900361650003800440700002000478999001700498sg 44000180 DLC20260227112743.0810725s1944 xx ac 000 0 eng  asg 44000180  a(OCoLC)14736598 aDLCcDNLMdMoKLdDLC apremarc00aRS68.S4bA40 aQV 711bAA1 S3o 19442 aW.H. Schieffelin & Co. (New York, N.Y.)10a150 years service to American health. aNew York city,bSchieffelin & co.,cc1944. a2 p. l., 73, [1] p.bill., ports. a"By Carl C. Dickey and W. J. Schieffelin, jr." - Verso of 2d prelim. leaf. 0aPharmacyzUnited StatesxHistory.1 aDickey, Carl C. c90422d90422